| 000 | 00410cam a2200145ua 4500 | ||
|---|---|---|---|
| 041 |
_aeng _h |
||
| 082 |
_a631.312 _bIND/SP |
||
| 100 | _aIndian Standard Institution, . | ||
| 245 | 0 | 0 | _aSpecification for animal drawn mould board plough ,Part-2 fixed type,IS:2192-1976 |
| 260 |
_aNew Delhi : _bIndian Standards Institution , _c1976. |
||
| 300 | _a10 ; . | ||
| 504 | _a | ||
| 942 | _cBK | ||
| 999 |
_c4526 _d4526 |
||